| 000 | 00615nam a2200241Ia 4500 | ||
|---|---|---|---|
| 003 | OSt | ||
| 005 | 20221007101335.0 | ||
| 006 | a|||||r|||| 00| 0 | ||
| 007 | ta | ||
| 008 | 221006b |||||||| |||| 00| 0 eng d | ||
| 024 | _a6,277 | ||
| 037 | _cTextual | ||
| 040 |
_aLCO _cLCO _beng |
||
| 041 |
_2eng _aeng |
||
| 082 | _aW6:19.2, K6 | ||
| 100 | _aMISRA K P | ||
| 245 | 0 | _aIndia's Policy of Recognition of States & Govt. | |
| 260 |
_aBombay _bAllied Pub. _c1966 |
||
| 300 | _a214 | ||
| 650 |
_aPOLICY _9648269 |
||
| 942 |
_hW6:19.2, K6 _cTEXL |
||
| 999 |
_c1175840 _d1175840 |
||